| 000 | 00000nas 2200000za 4500 |
| 001 | 9.830995 |
| 003 | CaOODSP |
| 005 | 20221107145643 |
| 007 | cr ||||||||||| |
| 008 | 170120d19801986oncuu p o f0###b0fre|d |
| 040 | |aCaOODSP|bfre |
| 043 | |an-cn--- |
| 086 | 1 |aEn73-4F-PDF |
| 086 | 1 |aEn73-4-PDF |
| 130 | 0 |aDocument de travail (Canada. Direction générale des terres) |
| 245 | 00|aDocument de travail |h[ressource électronique] / |cDirection générale des terres. |
| 260 | |a[Ottawa] : |bDirection générale des terres, Environnement Canada, |c1980-1986. |
| 362 | 0 |aNo 1- no 50. |
| 500 | |aPubli. aussi en anglais sous le titre : Working paper. |
| 500 | |aCertaines livr. publiées sous le titre: Working paper = Document de travail. |
| 546 | |aCertaines livr. publiées en anglais et en français. |
| 692 | 07|2gccst|aGestion des terres |
| 710 | 1 |aCanada. |bDirection générale des terres. |
| 775 | 08|tWorking paper |w(CaOODSP)9.826244 |